000 01084nam0a2200337 4500
001 RU\NLR\bibl\1066575
005 20250615042215.0
010 _a5-9533-1855-3
010 _a978-5-9533-1855-6
_93000
021 _aRU
_b2007-10727
_9574
035 _a(NLR Aleph) 001053827
090 _a895483
_c895483
100 _a20070330d2007 |||y0rusy50 ca
101 1 _arus
102 _aRU
105 _aa |||||||||
200 1 _aКельты: истоки, история, миф
_fДжон Коллис
_g[пер. Эрлихман В.В.]
210 _aМосква
_cВече
_d2007
215 _a283, [1] с.,[8] л. ил.
_cкарт.
_d22
225 1 _aКлючи от Авалона
225 1 _aМегапроект - Terra Incognita
320 _aБиблиогр.: с. 274-281
606 1 _aКельты
_xИстория
_92150946
_3RU\NLR\auth\661295354
686 _aТ3(0)413.0
700 1 _aКоллис
_bДж.
_gДжон
_4070
801 0 _aRU
_bNLR
_c20070330
_gRCR
801 1 _aRU
_bNLR
_c20070330
942 _cBOOK
980 _aNB